000 00486nam a2200205Ia 4500
003 OSt
005 20140507091925.0
008 140130s9999 xx 000 0 und d
020 _a0439208602
050 _aPZ 7
_b.R71964Br 2001
100 _aRoss, Dave
245 _cDave Ross
_aA book of kisses /
260 _bScholastic,
_c2001.
_aNew York :
300 _a34 p. :
_bcol. ill. ;
_c25 cm.
440 _v1
521 _aG1
526 _c160
942 _cBK
_2lcc
999 _c39882
_d39882